[Event "Mittelfranken Mitte-ch"]
[Site "Nuremberg"]
[Date "2020.01.05"]
[Round "4.14"]
[White "Denninger, David"]
[Black "Llugiq, Bajram"]
[Result "0-1"]
[WhiteElo "1775"]
[BlackElo "1820"]
[PlyCount "110"]
[EventDate "2020.01.03"]
[EventType "swiss"]
[EventRounds "7"]
[EventCountry "GER"]
[SourceTitle "EXT 2023"]
[Source "ChessBase"]
[SourceDate "2022.10.05"]
[SourceVersion "1"]
[SourceVersionDate "2022.10.05"]
[SourceQuality "1"]

1. d4 Nf6 2. Bf4 e6 3. e3 d5 4. c3 Bd6 5. Bg3 h5 6. f4 Ne4 7. Nf3 h4 8. Bf2 Nxf2 9. Kxf2 Nd7 10. Nbd2 Nf6 11. Ne5 Bd7 12. Bd3 c5 13. g4 g6 14. g5 Nh5 15. Nxg6 fxg6 16. Bxg6+ Ke7 17. Bxh5 Qf8 18. Qf3 Qg7 19. Ke2 Raf8 20. Rhg1 cxd4 21. cxd4 Qh7 22. g6 Qg7 23. Qg4 Rf5 24. Qxh4+ Ke8 25. Rg5 Be7 26. Nf3 Bf6 27. Ne5 Rf8 28. Rc1 Bxg5 29. fxg5 Bb5+ 30. Nd3 Rf2+ 31. Qxf2 Bxd3+ 32. Ke1 Rxf2 33. Kxf2 Kd7 34. h4 Bxg6 35. Bxg6 Qxg6 36. Rg1 Ke7 37. Kg3 Qe4 38. Re1 e5 39. dxe5 Ke6 40. Rf1 Qxe3+ 41. Rf3 Qg1+ 42. Kf4 Qd4+ 43. Kg3 Kxe5 44. h5 Qg1+ 45. Kh4 Qh2+ 46. Kg4 d4 47. g6 Qg2+ 48. Rg3 Qe4+ 49. Kh3 Kf5 50. Kh2 Qe2+ 51. Kg1 d3 52. Rg2 Qe1+ 53. Kh2 d2 54. g7 Qh4+ 55. Kg1 d1Q# 0-1

[Event "Mittelfranken Mitte-ch"]
[Site "Nuremberg"]
[Date "2020.01.05"]
[Round "5.9"]
[White "Llugiq, Bajram"]
[Black "Nuesslein, Christian"]
[Result "1-0"]
[WhiteElo "1820"]
[BlackElo "1848"]
[PlyCount "65"]
[EventDate "2020.01.03"]
[EventType "swiss"]
[EventRounds "7"]
[EventCountry "GER"]
[SourceTitle "EXT 2023"]
[Source "ChessBase"]
[SourceDate "2022.10.05"]
[SourceVersion "1"]
[SourceVersionDate "2022.10.05"]
[SourceQuality "1"]

1. d4 c5 2. Nf3 g6 3. c4 Nf6 4. Nc3 d5 5. Bf4 Nc6 6. e3 cxd4 7. exd4 Bg7 8. Be2 Bg4 9. Be5 dxc4 10. 0-0 Bxf3 11. Bxf3 Nxe5 12. dxe5 Qxd1 13. Raxd1 Nd7 14. Bxb7 Rd8 15. Bc6 Bxe5 16. Rfe1 Bxc3 17. bxc3 e6 18. Rxd7 Rxd7 19. Rd1 0-0 20. Rxd7 Rc8 21. Ba4 Rb8 22. g3 Rb2 23. Rxa7 Rxa2 24. Ra8+ Kg7 25. Bc6 Rxa8 26. Bxa8 Kf6 27. Kf1 g5 28. Ke2 Ke5 29. Bc6 f5 30. Bb5 Kd5 31. f4 gxf4 32. gxf4 h6 33. Be8 1-0

[Event "Mittelfranken-chTB2a 1920"]
[Site "Mittelfranken"]
[Date "2019.12.01"]
[Round "3.5"]
[White "Llugiq, Bajram"]
[Black "Vu, Daniel"]
[Result "1-0"]
[WhiteElo "1824"]
[BlackElo "1613"]
[PlyCount "87"]
[EventDate "2019.10.13"]
[EventType "team-tourn"]
[EventRounds "9"]
[EventCountry "GER"]
[SourceTitle "EXT 2023"]
[Source "ChessBase"]
[SourceDate "2022.10.05"]
[SourceVersion "1"]
[SourceVersionDate "2022.10.05"]
[SourceQuality "1"]
[WhiteTeam "Nuernberg Sued SW IV"]
[BlackTeam "Fuerth SG II"]
[WhiteTeamCountry "GER"]
[BlackTeamCountry "GER"]

1. d4 d5 2. c4 e6 3. Nc3 Nf6 4. Nf3 c5 5. Bg5 cxd4 6. Nxd4 Be7 7. e3 0-0 8. Be2 Nc6 9. 0-0 Ne5 10. cxd5 Nxd5 11. Nxd5 Bxg5 12. Nc3 Ng6 13. Nf3 Bf6 14. Qb3 b6 15. Rfd1 Qe7 16. Ne4 Bb7 17. Nxf6+ Qxf6 18. Rd7 Bd5 19. Qa3 Ne5 20. Nxe5 Qxe5 21. Rd1 Rfc8 22. Qd3 g6 23. b3 Qb2 24. Rd2 Qa1+ 25. Bf1 Rc1 26. f3 a6 27. Kf2 Bc6 28. Rd8+ Rxd8 29. Qxd8+ Kg7 30. Bxa6 Bd5 31. Qxb6 Rc6 32. Qa5 Qh1 33. Bd3 Rc1 34. Rc2 Rg1 35. Kg3 h5 36. e4 h4+ 37. Kh3 Bc6 38. Qc3+ e5 39. Qxc6 Re1 40. Qc7 Re3 41. Qxe5+ Kh7 42. Rc8 Rxf3+ 43. gxf3 Qxf3+ 44. Kxh4 1-0

[Event "Mittelfranken-chTB2a 1920"]
[Site "Mittelfranken"]
[Date "2019.11.03"]
[Round "2.5"]
[White "Killmann, Reinmar"]
[Black "Llugiq, Bajram"]
[Result "0-1"]
[WhiteElo "1744"]
[BlackElo "1824"]
[PlyCount "126"]
[EventDate "2019.10.13"]
[EventType "team-tourn"]
[EventRounds "9"]
[EventCountry "GER"]
[SourceTitle "EXT 2023"]
[Source "ChessBase"]
[SourceDate "2022.10.05"]
[SourceVersion "1"]
[SourceVersionDate "2022.10.05"]
[SourceQuality "1"]
[WhiteTeam "Nuernberg Jaeklechemie"]
[BlackTeam "Nuernberg Sued SW IV"]
[WhiteTeamCountry "GER"]
[BlackTeamCountry "GER"]

1. e4 e6 2. d4 d5 3. exd5 exd5 4. Bd3 Bd6 5. Ne2 Nf6 6. Bf4 0-0 7. 0-0 Re8 8. Nd2 Rxe2 9. Bxd6 Rxd2 10. Qxd2 Qxd6 11. f3 Nbd7 12. Rfe1 Nf8 13. Re5 Bd7 14. Rae1 Ng6 15. Bxg6 hxg6 16. c3 Be6 17. g3 Rd8 18. R5e2 c5 19. dxc5 Qxc5+ 20. Qd4 Qxd4+ 21. cxd4 Rc8 22. Kf2 Ne8 23. Rd1 Nd6 24. Ree1 Rc2+ 25. Re2 Rc4 26. g4 a5 27. Ke3 Rc6 28. Kd3 a4 29. Rc2 Rb6 30. Rdd2 g5 31. Rf2 g6 32. h3 Nc4 33. Rfe2 Kf8 34. Kc3 Nd6 35. b3 Nb5+ 36. Kd3 axb3 37. axb3 Na7 38. Kc3 Nc6 39. Red2 Na5 40. Rb2 Bd7 41. Rd1 Rf6 42. Rd3 Re6 43. Kd2 Rf6 44. Re3 Nc6 45. Kc3 Rf4 46. Rd2 Rf6 47. Ra2 Rf4 48. Rd2 Be6 49. Red3 Ke7 50. Ra2 Kd6 51. b4 Kc7 52. b5 Ne7 53. Kb4 Kb6 54. Rc2 Nc8 55. Rc1 Rf6 56. Re3 Nd6 57. Rc5 Nc4 58. Rc3 Nd2 59. Rc2 Nxf3 60. Rf2 Rf4 61. Rc3 Rxd4+ 62. Kb3 Nd2+ 63. Kc2 Ne4 0-1

[Event "Mittelfranken-chTB2a 1819"]
[Site "Mittelfranken"]
[Date "2019.03.03"]
[Round "6.6"]
[White "Llugiq, Bajram"]
[Black "Mettal, Thomas"]
[Result "1-0"]
[WhiteElo "1836"]
[BlackElo "1663"]
[PlyCount "63"]
[EventDate "2018.10.14"]
[EventType "team-tourn"]
[EventRounds "9"]
[EventCountry "GER"]
[SourceTitle "EXT 2022"]
[Source "ChessBase"]
[SourceDate "2021.10.06"]
[SourceVersion "1"]
[SourceVersionDate "2021.10.06"]
[SourceQuality "1"]
[WhiteTeam "Nuernberg Sued SW IV"]
[BlackTeam "Bubenreuth"]
[WhiteTeamCountry "GER"]
[BlackTeamCountry "GER"]

1. d4 Nf6 2. c4 g6 3. Nc3 d5 4. Nf3 Bg7 5. Bf4 c6 6. e3 Bf5 7. Qb3 Qb6 8. Nd2 Nbd7 9. cxd5 Qxb3 10. Nxb3 Nxd5 11. Nxd5 cxd5 12. Bb5 a6 13. Bxd7+ Bxd7 14. 0-0 0-0 15. Rfc1 Rac8 16. Na5 Rxc1+ 17. Rxc1 Rc8 18. Rc7 Rxc7 19. Bxc7 Bc8 20. Bb6 Kf8 21. Kf1 Ke8 22. Ke2 e5 23. Kd3 e4+ 24. Kc3 Bf8 25. Nb3 Bd7 26. Bc5 Bxc5 27. dxc5 Ke7 28. Kb4 Bc6 29. Ka5 Kd7 30. Kb6 f5 31. Nd4 h6 32. h4 1-0

[Event "Mittelfranken-chTB2a 1718"]
[Site "Mittelfranken"]
[Date "2018.02.18"]
[Round "5.6"]
[White "Llugiq, Bajram"]
[Black "Koschka, Guenther"]
[Result "1-0"]
[WhiteElo "1744"]
[BlackElo "1793"]
[PlyCount "137"]
[EventDate "2017.10.08"]
[EventType "team-tourn"]
[EventRounds "9"]
[EventCountry "GER"]
[SourceTitle "EXT 2022"]
[Source "ChessBase"]
[SourceDate "2021.10.06"]
[SourceVersion "1"]
[SourceVersionDate "2021.10.06"]
[SourceQuality "1"]
[WhiteTeam "Nuernberg Sued SW IV"]
[BlackTeam "Fuerth SF"]
[WhiteTeamCountry "GER"]
[BlackTeamCountry "GER"]

1. d4 d5 2. Nf3 Nf6 3. c4 e6 4. Nc3 Be7 5. cxd5 exd5 6. g3 0-0 7. Bg2 c6 8. 0-0 Na6 9. Bf4 Nc7 10. a3 a5 11. Rc1 Bf5 12. Qb3 Bc8 13. Bxc7 Qxc7 14. Nxd5 Nxd5 15. Qxd5 Be6 16. Qe4 Qb6 17. Qc2 Rad8 18. e3 Bf6 19. Nd2 Be7 20. Rfe1 g6 21. Bf1 Ra8 22. Bc4 Bxc4 23. Nxc4 Qb5 24. Ne5 f6 25. Qc4+ Qxc4 26. Nxc4 Rfd8 27. Red1 Kf7 28. Nd2 Rd5 29. Ne4 Rb5 30. Rc2 Rd5 31. Rdc1 Rad8 32. Nc3 R5d7 33. Na4 Rd5 34. Kf1 Rh5 35. Kg2 Rhd5 36. Nb6 Rb5 37. Nc4 Rbd5 38. h4 h5 39. Nb6 Rb5 40. Na4 Rbd5 41. Nc3 R5d7 42. Ne4 Rd5 43. f4 Rb8 44. Kf3 Rbd8 45. Nd2 R8d7 46. Rc3 Rd8 47. Ne4 Rb8 48. Rb3 Rdd8 49. Rc4 Rdc8 50. Nf2 Rd8 51. e4 Bf8 52. Ke3 Ke6 53. g4 hxg4 54. Nxg4 Be7 55. Nh2 Rh8 56. Nf3 f5 57. d5+ cxd5 58. Rb6+ Kf7 59. exd5 Bxh4 60. Ne5+ Kg7 61. Rc7+ Kg8 62. Rxg6+ Kf8 63. Rf7+ Ke8 64. Re6+ Kd8 65. Rxf5 Kc8 66. Ng6 Rh7 67. Nxh4 Rxh4 68. Re8+ Kc7 69. Rf7+ 1-0

[Event "Mittelfranken-chTB2a 1718"]
[Site "Mittelfranken"]
[Date "2017.10.29"]
[Round "2.7"]
[White "Walter, Stefan"]
[Black "Llugiq, Bajram"]
[Result "1-0"]
[WhiteElo "1849"]
[BlackElo "1744"]
[PlyCount "119"]
[EventDate "2017.10.08"]
[EventType "team-tourn"]
[EventRounds "9"]
[EventCountry "GER"]
[SourceTitle "EXT 2022"]
[Source "ChessBase"]
[SourceDate "2021.10.06"]
[SourceVersion "1"]
[SourceVersionDate "2021.10.06"]
[SourceQuality "1"]
[WhiteTeam "Fuerth SG"]
[BlackTeam "Nuernberg Sued SW IV"]
[WhiteTeamCountry "GER"]
[BlackTeamCountry "GER"]

1. e4 c5 2. Nf3 Nc6 3. d4 cxd4 4. Nxd4 a6 5. c4 e6 6. Be2 Nf6 7. Nc3 Be7 8. Nxc6 dxc6 9. Qxd8+ Bxd8 10. Bf4 Ba5 11. Bf3 Bb4 12. 0-0-0 Nd7 13. Bc7 0-0 14. Rhe1 Bc5 15. Re2 Be7 16. e5 Re8 17. Ree1 Nf8 18. Ne4 h6 19. Nd6 Bxd6 20. Bxd6 Nd7 21. Be4 a5 22. Re3 f5 23. exf6 Nxf6 24. Bg6 Rd8 25. Red3 b5 26. Be7 Rxd3 27. Rxd3 Bb7 28. Bxf6 gxf6 29. Rd7 Rb8 30. c5 Bc8 31. Rc7 f5 32. Rxc6 Kg7 33. Bh5 Kf6 34. Bf3 Bd7 35. Rd6 Ke7 36. Ra6 a4 37. Kd2 Rd8 38. Ke3 Rc8 39. c6 Be8 40. Kd4 Kd6 41. c7+ Ke7 42. Ke5 Bd7 43. Ra7 Be8 44. g4 Bd7 45. gxf5 exf5 46. Kd5 Rf8 47. Kc5 f4 48. Kb6 b4 49. Ra8 Bc8 50. Bb7 Rf6+ 51. Ka7 Bd7 52. c8Q Bxc8 53. Rxc8 Rd6 54. Rc7+ Ke6 55. Rc6 a3 56. Rxd6+ Kxd6 57. bxa3 bxa3 58. Kb6 h5 59. h4 Ke5 60. Bf3 1-0

[Event "Nuremberg Zabo op 19th"]
[Site "Nuremberg"]
[Date "2017.09.16"]
[Round "2"]
[White "Llugiq, Bajram"]
[Black "Gerl, Hans Peter"]
[Result "1/2-1/2"]
[WhiteElo "1735"]
[BlackElo "1955"]
[PlyCount "54"]
[EventDate "2017.09.15"]
[EventType "swiss"]
[EventRounds "5"]
[EventCountry "GER"]
[SourceTitle "EXT 2022"]
[Source "ChessBase"]
[SourceDate "2021.10.06"]
[SourceVersion "1"]
[SourceVersionDate "2021.10.06"]
[SourceQuality "1"]

1. d4 Nf6 2. Nf3 e6 3. Nc3 b6 4. g3 Bb7 5. Bg2 Be7 6. 0-0 0-0 7. Bg5 d6 8. Re1 Nbd7 9. e4 e5 10. dxe5 dxe5 11. a3 h6 12. Bc1 a5 13. Nd5 Nxd5 14. exd5 Bd6 15. Nh4 f5 16. Bh3 Nf6 17. c4 Ng4 18. Bxg4 fxg4 19. Qxg4 Bc8 20. Qh5 Qf6 21. Be3 g5 22. Ng2 Kh7 23. Qe2 a4 24. h4 g4 25. Rac1 Ra5 26. Bd2 Ra8 27. Be3 Ra5 1/2-1/2

[Event "Nuremberg Zabo op 19th"]
[Site "Nuremberg"]
[Date "2017.09.16"]
[Round "3"]
[White "Suess, Stefan"]
[Black "Llugiq, Bajram"]
[Result "0-1"]
[WhiteElo "2030"]
[BlackElo "1735"]
[PlyCount "92"]
[EventDate "2017.09.15"]
[EventType "swiss"]
[EventRounds "5"]
[EventCountry "GER"]
[SourceTitle "EXT 2022"]
[Source "ChessBase"]
[SourceDate "2021.10.06"]
[SourceVersion "1"]
[SourceVersionDate "2021.10.06"]
[SourceQuality "1"]

1. e4 c5 2. Nf3 Nc6 3. d4 cxd4 4. Nxd4 Nf6 5. Nc3 a6 6. Be2 e6 7. 0-0 Be7 8. Be3 b5 9. Nxc6 dxc6 10. Qxd8+ Bxd8 11. e5 Nd5 12. Nxd5 cxd5 13. a4 b4 14. a5 Be7 15. Rfd1 0-0 16. Bb6 Bb7 17. c4 Rfc8 18. Rac1 Bg5 19. Rc2 dxc4 20. Rxc4 Rxc4 21. Bxc4 Rc8 22. b3 Kf8 23. Rd7 Bd5 24. Rxd5 exd5 25. Bxa6 Rc1+ 26. Bf1 Ke8 27. g3 Bd8 28. Be3 Ra1 29. a6 Kd7 30. Kg2 Kc6 31. Bd3 g6 32. Kf3 Ra3 33. Ke2 Bb6 34. Bd2 Rxb3 35. f4 Bd4 36. g4 Rb2 37. Kd1 Bc3 38. Be3 d4 39. Bc1 Rxh2 40. f5 b3 41. Bf4 Ra2 42. e6 fxe6 43. fxe6 Bb4 44. Bg5 Ra1+ 45. Ke2 Re1+ 46. Kf3 Rxe6 0-1

[Event "Mittelfranken-chTB2a 1617"]
[Site "Mittelfranken"]
[Date "2017.02.12"]
[Round "6.5"]
[White "Diller, Marianne"]
[Black "Llugiq, Bajram"]
[Result "1-0"]
[WhiteElo "1801"]
[BlackElo "1735"]
[PlyCount "123"]
[EventDate "2016.10.23"]
[EventType "team-tourn"]
[EventRounds "9"]
[EventCountry "GER"]
[SourceTitle "EXT 2022"]
[Source "ChessBase"]
[SourceDate "2021.10.06"]
[SourceVersion "1"]
[SourceVersionDate "2021.10.06"]
[SourceQuality "1"]
[WhiteTeam "Rothenburg II"]
[BlackTeam "Nuernberg Sued SW IV"]
[WhiteTeamCountry "GER"]
[BlackTeamCountry "GER"]

1. d4 d5 2. c4 Nf6 3. Nc3 Nc6 4. e3 Bf5 5. cxd5 Nxd5 6. Bd3 Bxd3 7. Qxd3 Nxc3 8. bxc3 e6 9. Nf3 Be7 10. 0-0 0-0 11. Rd1 Bf6 12. e4 Re8 13. Qb5 Qc8 14. Qh5 g6 15. Qh6 Bg7 16. Qh4 Qd8 17. Bg5 f6 18. Be3 Qe7 19. Rd3 Rad8 20. Ne1 b6 21. Rad1 Na5 22. Bc1 Nc4 23. Rh3 Bf8 24. Rdd3 Rd7 25. Rdg3 Qg7 26. Rf3 f5 27. Nd3 e5 28. exf5 e4 29. Re3 Nxe3 30. Rxe3 Be7 31. Qxe4 Rdd8 32. fxg6 hxg6 33. Qc6 Rf8 34. Qxc7 Bd6 35. Qxg7+ Kxg7 36. Re6 Rfe8 37. Rxe8 Rxe8 38. Kf1 Rc8 39. Bd2 Rc4 40. Nb2 Rc8 41. g3 b5 42. Ke2 Rc6 43. a4 a6 44. Kd3 Ba3 45. axb5 axb5 46. Nd1 Kf7 47. h4 Ra6 48. Ne3 Bd6 49. Nc2 Ke6 50. c4 bxc4+ 51. Kxc4 Rc6+ 52. Kd3 Rb6 53. Ne3 Rb3+ 54. Ke4 Bb8 55. Ng4 Rb2 56. Bf4 Bxf4 57. Kxf4 Re2 58. f3 Rg2 59. Ne3 Rd2 60. d5+ Kf6 61. Ke4 Rh2 62. Ng4+ 1-0

[Event "Mittelfranken Mitte-ch"]
[Site "Nuremberg"]
[Date "2017.01.08"]
[Round "7"]
[White "Nuesslein, Christian"]
[Black "Llugiq, Bajram"]
[Result "1/2-1/2"]
[WhiteElo "1929"]
[BlackElo "1827"]
[PlyCount "95"]
[EventDate "2017.01.05"]
[EventType "swiss"]
[EventRounds "7"]
[EventCountry "GER"]
[SourceTitle "EXT 2018"]
[Source "ChessBase"]
[SourceDate "2017.10.13"]
[SourceVersion "1"]
[SourceVersionDate "2017.10.13"]
[SourceQuality "1"]

1. e4 c5 2. Nf3 Nc6 3. d4 cxd4 4. Nxd4 Nf6 5. Nc3 Qa5 6. f3 g6 7. Be3 Bg7 8. Qd2 0-0 9. 0-0-0 e5 10. Nb3 Qd8 11. Bh6 a6 12. g4 b5 13. Kb1 b4 14. Nd5 Nxd5 15. exd5 Nd4 16. Nxd4 Bxh6 17. Qxh6 exd4 18. Rxd4 Qf6 19. Rf4 Qe5 20. Bc4 Bb7 21. Rd1 a5 22. b3 a4 23. Re4 Qh8 24. Qc1 Rfb8 25. Re7 d6 26. Qb2 Qxb2+ 27. Kxb2 a3+ 28. Kb1 Ba6 29. Rd4 Re8 30. Rde4 Rxe7 31. Rxe7 Bxc4 32. bxc4 Rc8 33. Re4 Kg7 34. Kc1 f5 35. gxf5 gxf5 36. Re7+ Kg6 37. Re6+ Kg5 38. Rxd6 Rxc4 39. Rd8 Kf4 40. d6 Rd4 41. d7 Kxf3 42. Rf8 Rxd7 43. Rxf5+ Kg4 44. Rc5 Rd4 45. c3 bxc3 46. Rxc3 Rf4 47. h3+ Kh4 48. Rxa3 1/2-1/2

[Event "Mittelfranken Mitte-ch"]
[Site "Nuremberg"]
[Date "2017.01.07"]
[Round "5"]
[White "Walch, Roger"]
[Black "Llugiq, Bajram"]
[Result "0-1"]
[WhiteElo "1701"]
[BlackElo "1827"]
[PlyCount "44"]
[EventDate "2017.01.05"]
[EventType "swiss"]
[EventRounds "7"]
[EventCountry "GER"]
[SourceTitle "EXT 2018"]
[Source "ChessBase"]
[SourceDate "2017.10.13"]
[SourceVersion "1"]
[SourceVersionDate "2017.10.13"]
[SourceQuality "1"]

1. e4 c5 2. Nf3 Nc6 3. d4 cxd4 4. Nxd4 Nf6 5. Nc3 a6 6. Be3 e5 7. Nf5 d6 8. f3 Bxf5 9. exf5 d5 10. Bg5 Bb4 11. Bd2 d4 12. Ne4 Nxe4 13. fxe4 Bxd2+ 14. Qxd2 Qh4+ 15. Kd1 Qxe4 16. Bd3 Qg4+ 17. Kc1 f6 18. Kb1 Qg5 19. Qe2 0-0 20. a3 Rfe8 21. Qe4 Qe3 22. Qxe3 dxe3 0-1

[Event "Mittelfranken Mitte-ch"]
[Site "Nuremberg"]
[Date "2017.01.06"]
[Round "2"]
[White "Llugiq, Bajram"]
[Black "Erlbeck, Peter"]
[Result "0-1"]
[WhiteElo "1827"]
[BlackElo "2061"]
[PlyCount "66"]
[EventDate "2017.01.05"]
[EventType "swiss"]
[EventRounds "7"]
[EventCountry "GER"]
[SourceTitle "EXT 2018"]
[Source "ChessBase"]
[SourceDate "2017.10.13"]
[SourceVersion "1"]
[SourceVersionDate "2017.10.13"]
[SourceQuality "1"]

1. d4 f5 2. Nf3 Nf6 3. c4 g6 4. Nc3 Bg7 5. Bg5 Ne4 6. Bf4 d6 7. Qc2 Nc6 8. e3 0-0 9. a3 e5 10. dxe5 dxe5 11. Bg3 Nxc3 12. bxc3 f4 13. Bh4 Qe8 14. Bd3 Bf5 15. Bxf5 Rxf5 16. e4 Rf8 17. Rd1 h6 18. Rd5 g5 19. Bxg5 hxg5 20. Nxg5 Qg6 21. h4 Rad8 22. f3 Ne7 23. Rd2 Qb6 24. Re2 Rf6 25. c5 Qxc5 26. Qb3+ Kh8 27. h5 Bh6 28. Ne6 Rxe6 29. Qxe6 Qxc3+ 30. Kf2 Qc5+ 31. Kf1 Rd6 32. Qb3 Nc6 33. Re1 Rd2 0-1

[Event "Mittelfranken-chTB2a 1617"]
[Site "Mittelfranken"]
[Date "2016.12.11"]
[Round "4.6"]
[White "Llugiq, Bajram"]
[Black "Stoll, Tobias"]
[Result "0-1"]
[WhiteElo "1735"]
[BlackElo "1615"]
[PlyCount "133"]
[EventDate "2016.10.23"]
[EventType "team-tourn"]
[EventRounds "9"]
[EventCountry "GER"]
[SourceTitle "EXT 2022"]
[Source "ChessBase"]
[SourceDate "2021.10.06"]
[SourceVersion "1"]
[SourceVersionDate "2021.10.06"]
[SourceQuality "1"]
[WhiteTeam "Nuernberg Sued SW IV"]
[BlackTeam "Zirndorf II"]
[WhiteTeamCountry "GER"]
[BlackTeamCountry "GER"]

1. d4 d5 2. Nf3 Nf6 3. c4 e6 4. Nc3 b6 5. Bg5 Be7 6. e3 Bb7 7. Be2 0-0 8. 0-0 Nbd7 9. Rc1 Rc8 10. Bf4 Nh5 11. Be5 dxc4 12. Nd2 Nhf6 13. Nxc4 Nxe5 14. Nxe5 Bd6 15. Nb5 a6 16. Na7 Ra8 17. Nac6 Qe8 18. Bf3 Nd5 19. Bxd5 exd5 20. Qc2 f6 21. Nd3 Bc8 22. Ncb4 Be6 23. a3 Qh5 24. Nf4 Qh6 25. g3 Bxf4 26. exf4 Bh3 27. Rfe1 Qh5 28. Re3 Bf5 29. Qe2 Qf7 30. Re7 Rfe8 31. Rcxc7 Rxe7 32. Rxe7 Qg6 33. f3 Rc8 34. Qe3 Bh3 35. Qd2 a5 36. Nd3 Rc4 37. Qe3 Kf8 38. Rb7 Qe8 39. Qxe8+ Kxe8 40. Rxb6 Rc2 41. Re6+ Bxe6 42. b4 axb4 43. axb4 Kd8 44. g4 Kc7 45. f5 Bc8 46. Nf4 Kd6 47. Nh5 Rc7 48. Kf2 Kc6 49. Nf4 Kd6 50. b5 Rb7 51. Nh5 Re7 52. h4 Bd7 53. b6 Be8 54. Nf4 Bf7 55. g5 fxg5 56. hxg5 Kc6 57. Nd3 Kxb6 58. Ne5 Kb5 59. f4 Kb6 60. Kg3 Kc7 61. Kg4 Kd6 62. g6 hxg6 63. fxg6 Be6+ 64. f5 Bg8 65. Kf4 Ra7 66. Kg5 Ra4 67. Kf4 0-1

[Event "Mittelfranken-chTB2a 1516"]
[Site "Mittelfranken"]
[Date "2016.04.17"]
[Round "9.8"]
[White "Boese, Christina"]
[Black "Llugiq, Bajram"]
[Result "0-1"]
[WhiteElo "1433"]
[BlackElo "1783"]
[PlyCount "60"]
[EventDate "2015.10.18"]
[EventType "team-tourn"]
[EventRounds "9"]
[EventCountry "GER"]
[SourceTitle "EXT 2020"]
[Source "ChessBase"]
[SourceDate "2019.10.17"]
[SourceVersion "1"]
[SourceVersionDate "2019.10.17"]
[SourceQuality "1"]
[WhiteTeam "Bechhofen II"]
[BlackTeam "Nuernberg Sued SW IV"]
[WhiteTeamCountry "GER"]
[BlackTeamCountry "GER"]

1. e4 e6 2. d3 c5 3. g3 Nc6 4. Bg2 Nf6 5. f4 d6 6. Ne2 Be7 7. h3 g6 8. Be3 e5 9. 0-0 Bd7 10. g4 Qc7 11. Nbc3 Nd4 12. fxe5 dxe5 13. Bg5 Qd6 14. Bxf6 Bxf6 15. Nd5 Bg5 16. Nxd4 cxd4 17. Qf3 0-0 18. Qg3 Be6 19. Nf6+ Kg7 20. Nd5 Bxd5 21. exd5 Rac8 22. h4 Be3+ 23. Kh1 Rxc2 24. g5 Bf4 25. Qg4 h6 26. Rxf4 exf4 27. gxh6+ Kxh6 28. Qg5+ Kg7 29. h5 f3 30. Rg1 Rh8 0-1

[Event "Mittelfranken-chTB2a 1516"]
[Site "Mittelfranken"]
[Date "2016.02.28"]
[Round "7.7"]
[White "Llugiq, Bajram"]
[Black "Classen, Andrej"]
[Result "1/2-1/2"]
[WhiteElo "1783"]
[BlackElo "1783"]
[PlyCount "235"]
[EventDate "2015.10.18"]
[EventType "team-tourn"]
[EventRounds "9"]
[EventCountry "GER"]
[SourceTitle "EXT 2020"]
[Source "ChessBase"]
[SourceDate "2019.10.17"]
[SourceVersion "1"]
[SourceVersionDate "2019.10.17"]
[SourceQuality "1"]
[WhiteTeam "Nuernberg Sued SW IV"]
[BlackTeam "Buechenbach/Roth II"]
[WhiteTeamCountry "GER"]
[BlackTeamCountry "GER"]

1. d4 d5 2. Nf3 Nf6 3. c4 e6 4. Nc3 c6 5. cxd5 exd5 6. g3 Bd6 7. Bg2 0-0 8. 0-0 Re8 9. Bg5 h6 10. Bd2 Bf5 11. Re1 Nbd7 12. Qc1 Re6 13. Bf4 Qe7 14. a3 Re8 15. Bxd6 Qxd6 16. e3 Ne4 17. Nh4 Bh7 18. Bh3 Rf6 19. Nxe4 dxe4 20. Bf1 Nb6 21. Rd1 Qe6 22. Ng2 g5 23. a4 Bg6 24. Qc5 Rf5 25. Qb4 Re7 26. Be2 Qf6 27. Rf1 Rc7 28. a5 Nd7 29. a6 b6 30. Rac1 Nb8 31. Qb3 Ra5 32. Ra1 Rd5 33. Rfc1 Qd6 34. Bc4 Rf5 35. Qc2 Rf6 36. Be2 Nd7 37. Qc4 Bf5 38. b4 Be6 39. Qc3 Bd5 40. Bc4 Nf8 41. Rc2 Ne6 42. Be2 Nd8 43. Rac1 Ne6 44. Qb2 Kf8 45. Bc4 Ke7 46. Qb3 Kd7 47. Qb2 Rg6 48. Be2 Ke7 49. h4 f5 50. h5 Rg8 51. Qc3 f4 52. Bg4 fxg3 53. Rf1 Rf8 54. Qe1 gxf2+ 55. Rcxf2 Rcc8 56. Rf5 Rxf5 57. Rxf5 Rf8 58. Qf2 Qxb4 59. Rxf8 Nxf8 60. Qf5 Be6 61. Qe5 Qd6 62. Qxe4 Qd5 63. Qf3 Qxf3 64. Bxf3 Kd6 65. e4 b5 66. Ne3 b4 67. Kf2 b3 68. Nd1 Bc4 69. Nb2 Bxa6 70. Ke3 Ne6 71. Bd1 Nf4 72. e5+ Ke7 73. Ke4 Be2 74. Bxb3 Bxh5 75. Na4 Bg6+ 76. Ke3 Bf7 77. Bd1 Bd5 78. Nc3 Bh1 79. Kf2 Nd5 80. Ne2 Nb4 81. Ng3 Bd5 82. Nf5+ Ke6 83. Nxh6 Nd3+ 84. Ke3 Nxe5 85. dxe5 Kxe5 86. Ng4+ Kf5 87. Nf2 Bc4 88. Bc2+ Ke5 89. Ng4+ Ke6 90. Kd4 Be2 91. Ne3 Bf3 92. Bf5+ Kf6 93. Bc8 a5 94. Ba6 g4 95. Nf1 Bg2 96. Ng3 Kg5 97. Ke3 Kh4 98. Kf4 Bf3 99. Bf1 a4 100. Nf5+ Kh5 101. Ne3 a3 102. Bc4 Kh4 103. Nf5+ Kh3 104. Ne3 Bd5 105. Bf1+ Kh4 106. Nf5+ Kh5 107. Nd4 a2 108. Nc2 Kh4 109. Na1 g3 110. Ke3 g2 111. Bxg2 Bxg2 112. Kd2 Bd5 113. Kc3 Kg4 114. Nc2 Kf4 115. Kb2 Ke4 116. Nb4 Ke3 117. Nxc6 Bxc6 118. Kxa2 1/2-1/2

[Event "Mittelfranken-chTB2a 1516"]
[Site "Mittelfranken"]
[Date "2016.02.14"]
[Round "6.8"]
[White "Llugiq, Bajram"]
[Black "Kreidl, Franz"]
[Result "1-0"]
[WhiteElo "1783"]
[BlackElo "1281"]
[PlyCount "85"]
[EventDate "2015.10.18"]
[EventType "team-tourn"]
[EventRounds "9"]
[EventCountry "GER"]
[SourceTitle "EXT 2020"]
[Source "ChessBase"]
[SourceDate "2019.10.17"]
[SourceVersion "1"]
[SourceVersionDate "2019.10.17"]
[SourceQuality "1"]
[WhiteTeam "Nuernberg Sued SW IV"]
[BlackTeam "Cadolzburg"]
[WhiteTeamCountry "GER"]
[BlackTeamCountry "GER"]

1. d4 d5 2. Nf3 Nf6 3. c4 dxc4 4. Nc3 e6 5. e3 Bb4 6. Bxc4 h6 7. 0-0 0-0 8. Qc2 c6 9. e4 b5 10. Bd3 Bb7 11. e5 Nd5 12. a3 Be7 13. Be4 Nd7 14. Rd1 Rc8 15. Qe2 N7b6 16. Bd3 a6 17. Qe4 f5 18. exf6 Nxf6 19. Qxe6+ Kh8 20. Re1 Rc7 21. Bf4 Rd7 22. Qh3 Bc8 23. Bf5 Rb7 24. Bxc8 Nxc8 25. Ne5 Qe8 26. Qe6 Nd6 27. Nd3 Nc4 28. a4 b4 29. Qxc4 bxc3 30. bxc3 Nd5 31. Bd6 Qf7 32. Bxe7 Rxe7 33. Rxe7 Qxe7 34. Qxc6 Nc7 35. Re1 Qf7 36. Re3 Rb8 37. h3 Nd5 38. Rf3 Qh5 39. Ne5 Nf6 40. Qxa6 Rb1+ 41. Kh2 Qh4 42. Qc8+ Kh7 43. Qf5+ 1-0